000 00377nam a22001577a 4500
003 MPLRDC
005 20220104123810.0
008 210129b ||||| |||| 00| 0 eng d
082 _a848.2 YGZ-22
100 _a陈鼓应著
245 _a这样的诗人余光中
_c
260 _a
_b曙光出版社
_c
300 _b
650 _a现代别集
942 _cBK
_o848.2 YGZ-22
999 _c14281
_d14271